Ashanti law and constitution, (Record no. 122986)
[ view plain ]
| 000 -LEADER | |
|---|---|
| fixed length control field | 00711cam a2200241u 4500 |
| 001 - CONTROL NUMBER | |
| control field | 8275167 |
| 003 - CONTROL NUMBER IDENTIFIER | |
| control field | ARRUPE |
| 005 - DATE AND TIME OF LATEST TRANSACTION | |
| control field | 20150716172730.0 |
| 008 - FIXED-LENGTH DATA ELEMENTS--GENERAL INFORMATION | |
| fixed length control field | 810313s1929 enk 000 0 eng |
| 010 ## - LIBRARY OF CONGRESS CONTROL NUMBER | |
| LC control number | 29008057 |
| 040 ## - CATALOGING SOURCE | |
| Original cataloging agency | DLC |
| Transcribing agency | CarP |
| Modifying agency | DLC |
| 043 ## - GEOGRAPHIC AREA CODE | |
| Geographic area code | e-uk-en |
| 050 00 - LIBRARY OF CONGRESS CALL NUMBER | |
| Classification number | GN 493.4 |
| Item number | .A9 R3 |
| 100 1# - MAIN ENTRY--PERSONAL NAME | |
| Personal name | Rattray, Robert Sutherland, |
| 9 (RLIN) | 18348 |
| 245 10 - TITLE STATEMENT | |
| Title | Ashanti law and constitution, |
| 260 ## - PUBLICATION, DISTRIBUTION, ETC. (IMPRINT) | |
| Place of publication, distribution, etc | Oxford, |
| Name of publisher, distributor, etc | The Clarendon press, |
| Date of publication, distribution, etc | 1929. |
| 300 ## - PHYSICAL DESCRIPTION | |
| Extent | 420 p. cm. |
| 650 #0 - SUBJECT ADDED ENTRY--TOPICAL TERM | |
| Topical term or geographic name as entry element | Law, Primitive |
| 9 (RLIN) | 18349 |
| 650 #0 - SUBJECT ADDED ENTRY--TOPICAL TERM | |
| Topical term or geographic name as entry element | Ashanti (African people) |
| General subdivision | Social life and customs |
| 9 (RLIN) | 18350 |
| 906 ## - LOCAL DATA ELEMENT F, LDF (RLIN) | |
| a | 0 |
| b | cbc |
| c | premunv |
| d | u |
| e | ncip |
| f | 19 |
| g | y-gencatlg |
| 942 ## - ADDED ENTRY ELEMENTS (KOHA) | |
| Source of classification or shelving scheme | Library of Congress Classification |
| Koha item type | Monograph ( Printed materials) |
| Withdrawn status | Lost status | Source of classification or shelving scheme | Damaged status | Not for loan | Home library | Current library | Date acquired | Total Checkouts | Full call number | Barcode | Date last seen | Price effective from | Koha item type |
|---|---|---|---|---|---|---|---|---|---|---|---|---|---|
| Library of Congress Classification | ARRUPE LIBRARY | ARRUPE LIBRARY | 16/07/2015 | GN 493.4 .A9 R3 | 46500004366 | 09/04/2018 | 16/07/2015 | Monograph ( Printed materials) |